| 000 | 00553nam a2200169 i 4500 | ||
|---|---|---|---|
| 001 | 61227 | ||
| 003 | ES-MaACL | ||
| 005 | 20230906164414.0 | ||
| 007 | t| | ||
| 008 | 031111s1973 sp ||||1| spa d | ||
| 100 | 1 |
_aEvans, Elfed. _948355 |
|
| 245 | 1 | 0 |
_aEnfermedades de las plantas y su control químico / _cElfed Evans ; [traducción José María Dachs Orrit]. |
| 260 |
_aBarcelona, etc. : _bLabor, _c[1973] |
||
| 300 |
_aXV, 308 p., 4 lám. : _bil. ; _c22 cm. |
||
| 700 | 1 |
_aDachs Orrit, José María. _942410 |
|
| 852 |
_aES-MaACL _jC-53314 _bR.86188 |
||
| 999 |
_c61227 _d61227 |
||